The Defense of the West : (Record no. 5819)
[ view plain ]
| 000 -LEADER | |
|---|---|
| fixed length control field | 01116nam a2200337 a 4500 |
| 001 - CONTROL NUMBER | |
| control field | 5819 |
| 003 - CONTROL NUMBER IDENTIFIER | |
| rucl marc code | BD-RjUL |
| 005 - DATE AND TIME OF LATEST TRANSACTION | |
| control field | 20211208234133.0 |
| 008 - FIXED-LENGTH DATA ELEMENTS--GENERAL INFORMATION | |
| fixed length control field | 07 s1984 coua b 00100 eng |
| 020 ## - INTERNATIONAL STANDARD BOOK NUMBER | |
| International Standard Book Number | 0865316120 |
| International Standard Book Number | 0865316139 (pbk.) |
| 035 ## - SYSTEM CONTROL NUMBER | |
| System control number | (BD-RjUL) 5858 |
| 039 0# - LEVEL OF BIBLIOGRAPHIC CONTROL AND CODING DETAIL [OBSOLETE] | |
| Level of rules in bibliographic description | 2 |
| Level of effort used to assign nonsubject heading access points | 3 |
| Level of effort used to assign subject headings | 3 |
| Level of effort used to assign classification | 3 |
| Number of fixed field character positions coded | 3 |
| 040 ## - CATALOGING SOURCE | |
| Original cataloging agency | DLC |
| Transcribing agency | DLC |
| Modifying agency | (BD-RjUL) |
| Language of cataloging | eng |
| 041 ## - LANGUAGE CODE | |
| Language code of text/sound track or separate title | eng |
| 082 ## - DEWEY DECIMAL CLASSIFICATION NUMBER | |
| Classification number | 355.43 |
| Author mark and year | DEF 1984 |
| 245 04 - TITLE STATEMENT | |
| Title | The Defense of the West : |
| Remainder of title | strategic and European security issues reappraised / |
| Statement of responsibility, etc. | edited by Robert Kennedy and John M. Weinstein. |
| 260 ## - PUBLICATION, DISTRIBUTION, ETC. (IMPRINT) | |
| Place of publication, distribution, etc. | Boulder, Colo. : |
| Name of publisher, distributor, etc. | Westview Press, |
| Date of publication, distribution, etc. | 1984. |
| 300 ## - PHYSICAL DESCRIPTION | |
| Pagination | xii, 451 p. : |
| Illustrations | ill. ; |
| Size | 21 cm. |
| 490 0# - SERIES STATEMENT | |
| Series statement | A Westview special study. |
| 504 ## - BIBLIOGRAPHY, ETC. NOTE | |
| Bibliography, etc | Includes bibliographical references and index. |
| 610 20 - SUBJECT ADDED ENTRY--CORPORATE NAME | |
| Corporate name or jurisdiction name as entry element | North Atlantic Treaty Organization |
| 650 #0 - SUBJECT ADDED ENTRY--TOPICAL TERM | |
| Topical term or geographic name as entry element | National security. |
| 9 (RLIN) | 18286 |
| Topical term or geographic name as entry element | World politics |
| Chronological subdivision | 1975-1985. |
| 9 (RLIN) | 18287 |
| 651 #0 - SUBJECT ADDED ENTRY--GEOGRAPHIC NAME | |
| Geographic name | United States |
| General subdivision | Military policy. |
| 9 (RLIN) | 6008 |
| 700 10 - ADDED ENTRY--PERSONAL NAME | |
| Personal name | Kennedy, Robert, |
| Dates associated with a name | 1939- |
| Personal name | Weinstein, John M. |
| 942 ## - ADDED ENTRY ELEMENTS (KOHA) | |
| Source of classification or shelving scheme | Dewey Decimal Classification |
| Koha item type | Books |
| Lost status | Source of classification or shelving scheme | Damaged status | Not for loan | Collection code | Permanent Location | Current Location | Shelving location | Date acquired | Source of acquisition | Total Checkouts | Full call number | Date last seen | Copy number | Koha item type |
|---|---|---|---|---|---|---|---|---|---|---|---|---|---|---|
| Dewey Decimal Classification | Not For Loan | Non-fiction | Central Library, University of Rajshahi | Central Library, University of Rajshahi | 20/08/1985 | Asia Foundation | 355.43 DEF 1984 | 07/01/2014 | C-1 | Books |